Multicategory A-Z Blitz II Quiz Stats

 Plays Quiz Updated Jun 7, 2018

Challenge
Share
Tweet
Embed
Score 0/32 Timer 04:00
3 Plays Today
% Correct
Winter Olympic Host Cities
100%
Countries Bordering Tanzania
99.9%
Ivy League Schools
99.9%
Movies Based on Marvel Comics
99.9%
New Testament Books
99.9%
States of Australia
99.9%
Harvard...
91.6%
Yale
83.3%
Colossians...
82%
Spider-man...
78.8%
Philemon...
75.9%
Matthew...
75.3%
Lake Placid...
75.3%
John...
70.2%
Blade...
69.4%
Thessalonians...
66.3%
% Correct
Dartmouth...
62.7%
Revelation...
59.8%
Acts...
58.7%
X-men...
54.1%
Victoria...
53.6%
Iron Man...
53.2%
New South Wales...
47.2%
Queensland
46.8%
Kenya...
45.7%
Uganda...
44.9%
Zambia
39.3%
Galatians...
29.5%
Western Australia
29%
Ephesians...
25.4%
Oslo
25.1%
Fantastic Four
20.9%

You're not logged in!

Compare scores with friends on all Sporcle quizzes.
Join for Free
OR
Log In

You Might Also Like...

Show Comments

Extras

Top Quizzes Today


Score Distribution

Your Account Isn't Verified!

In order to create a playlist on Sporcle, you need to verify the email address you used during registration. Go to your Sporcle Settings to finish the process.

Report this User

Report this user for behavior that violates our Community Guidelines.

Details: